The bottom billion : (Record no. 12979)

000 -LEADER
fixed length control field 02061cam a2200241 a 4500
020 ## - INTERNATIONAL STANDARD BOOK NUMBER
ISBN 9780195374636
020 ## - INTERNATIONAL STANDARD BOOK NUMBER
ISBN 0195374630
020 ## - INTERNATIONAL STANDARD BOOK NUMBER
ISBN 9780195373387
020 ## - INTERNATIONAL STANDARD BOOK NUMBER
ISBN 0195373383
040 ## - CATALOGING SOURCE
Transcribing agency UKM
082 ## - DEWEY DECIMAL CLASSIFICATION NUMBER
Classification number 338 OXF 2008 A013 Or.
100 1# - MAIN ENTRY--AUTHOR NAME
Personal name Collier, Paul
245 14 - TITLE STATEMENT
Title The bottom billion :
Remainder of title why the poorest countries are failing and what can be done about it /
260 ## - PUBLICATION, DISTRIBUTION, ETC. (IMPRINT)
Place of publication Oxford :
Name of publisher Oxford University Press,
Year of publication 2008
300 ## - PHYSICAL DESCRIPTION
Number of Pages xiii, 209 p. ;
Dimensions 20 cm
500 ## - GENERAL NOTE
General note Originally published: 2007
520 ## - SUMMARY, ETC.
Summary, etc "In this elegant and impassioned synthesis from one of the world's leading experts on Africa and poverty, economist Paul Collier writes persuasively that although nearly five billion of the world's people are beginning to climb from desperate poverty and to benefit from globalization's reach to developing countries, there is a "bottom billion" of the world's poor whose countries, largely immune to the forces of global economy, are falling farther behind and are in danger of falling apart, separating permanently and tragically from the rest of the world. Collier identifies and explains the four traps that prevent the homelands of the world's billion poorest people from growing and receiving the benefits of globalization - civil war, the discovery and export of natural resources in otherwise unstable economies, being landlocked and therefore unable to participate in the global economy without great cost, and finally, ineffective governance. As he demonstrates that these billion people are quite likely in danger of being irretrievably left behind, Collier argues that we cannot take a "headless heart" approach to these seemingly intractable problems; rather, that we must harness our despair and our moral outrage at these inequities to a reasoned and thorough understanding of the complex and interconnected problems that the world's poorest people face." -- Publisher's description
650 #0 - SUBJECT ADDED ENTRY--TOPICAL TERM
Topical Term Poor
650 #0 - SUBJECT ADDED ENTRY--TOPICAL TERM
Topical Term Poverty
650 #0 - SUBJECT ADDED ENTRY--TOPICAL TERM
Topical Term Political culture
650 #0 - SUBJECT ADDED ENTRY--TOPICAL TERM
Topical Term Economic development projects
942 ## - ADDED ENTRY ELEMENTS (KOHA)
Koha item type សៀវភៅភាសាអង់គ្លេស
952 ## - LOCATION AND ITEM INFORMATION (KOHA)
Withdrawn status [LOCAL, KOHA] 0
Holdings
Permanent Location Date acquired Koha item type Lost status Shelving location Barcode Current Location Full call number
Library Block A2017-08-18សៀវភៅភាសាអង់គ្លេស A013A22595Library Block A338 OXF 2008 A013 Or.
មជ្ឈមណ្ឌលឯការនៃសាកលវិទ្យាល័យភូមិន្ទកសិកម្មចំការដូង

Powered by Koha